000 00723na a2200241 4500
001 19069
003 MIRAKIL
005 20181213155008.0
008 161208b tu 000 0
020 _a9786056293931
040 _aMilas
_btur
_cTR-AnCHP
041 _atur
_aoto
082 _a956.223
_bH92 2013
090 _a956.223 H92 2013
245 _aHüdâvendigâr Vilâyeti salnâmesi
_bhicri 1325 (miladi 1907)
_cHazırlayanlar Hüseyin Delil, Ömer Faruk Dinçel
260 _aBursa
_bBursa İl Özel İdaresi
_c2013
300 _a2 c.
_c24 sm.
650 _aSalnameler
_xTarih
_zBursa
651 _aBursa
_xTarih
_ySalnameler
700 _aDinçel, Ömer Faruk
700 _aDelil, Hüseyin
942 _2ddc
_cBKS
999 _c4509
_d4509